00918cam a2200253u 4500952015600000999001700156001000800173003000900181005001700190008004100207010001700248040002400265050002300289050002700312082001800339100001700357245004000374260007600414300003400490700004300524730004000567906004500607942001200652 00102ddc40718NFICaASLbASLcLCd2020-12-13eDonated by Prof. David Luddenl0o294.5922 RAMp102933r2020-12-13 00:00:00tC-1w2020-12-13yBKzRARE c19580d195807753688BDDh-ASL20231015025805.0830302s1910 enk a 000 0 eng  aa 10002381  aDLCcCarPdBDDh-ASL10aPK3653.A2bD8 191000aMicrofilm 82/5271 (PK) a294.5922bRAM0 aVālmīki.14aThe Ramayana, and the Mahabharata/  aLondon:bJ. M. Dent & sons ltd.;aNew York,bE. P. Dutton & co.c[1910] axiv p., 1 l.,b384 p.c18 cm.1 aDutt, Romesh Chunder,d1848-1909,etr.02aMahābhārata. [from old catalog] a0bcbccpremunvduencipf19gy-gencatlg 2ddccBK